000 00475pab a2200157 454500
008 180718b2006 xxu||||| |||| 00| 0 eng d
100 _aBerger, Mark T.
245 _aBeyond state-building: global governance and the crisis of the nation-state system in the 21st century
260 _c2006
300 _ap.201-08.
650 _aNation building - 21st century
650 _aNation building
700 _aWeber, Heloise
773 _aThird World Quarterly
909 _a70412
999 _c70412
_d70412